Paribesh Adhyan (Record no. 1532)

MARC details
000 -LEADER
fixed length control field 00530cam a2200205ua 4500
008 - FIXED-LENGTH DATA ELEMENTS--GENERAL INFORMATION
fixed length control field 170106n ii |||gr||||Z||||||eng
040 ## - CATALOGING SOURCE
Transcribing agency MAIN
041 ## - LANGUAGE CODE
-- eng
082 ## - DEWEY DECIMAL CLASSIFICATION NUMBER
Classification number 363.7
100 ## - MAIN ENTRY--PERSONAL NAME
Personal name Baruah, Bhupen,
Relator term
245 ## - TITLE STATEMENT
Title Paribesh Adhyan
Statement of responsibility, etc. by Bhupen Baruah
260 ## - PUBLICATION, DISTRIBUTION, ETC.
Place of publication, distribution, etc. Jorhat:
Name of publisher, distributor, etc. Bidya Bhawan,
Date of publication, distribution, etc. 2004.
300 ## - PHYSICAL DESCRIPTION
Extent 198p:
Dimensions 23cm.
700 ## - ADDED ENTRY--PERSONAL NAME
Personal name Rajkhowa, Binoybrot,
Relator term
700 ## - ADDED ENTRY--PERSONAL NAME
Personal name Das, (Baruah )Mollika,
942 ## - ADDED ENTRY ELEMENTS (KOHA)
Koha item type Books
653 ## - INDEX TERM--UNCONTROLLED
Uncontrolled term Environmental studies
653 ## - INDEX TERM--UNCONTROLLED
Uncontrolled term Environmental studies
Holdings
Withdrawn status Lost status Damaged status Not for loan Home library Current library Shelving location Date acquired Total Checkouts Full call number Barcode Date last seen Date last checked out Copy number Price effective from Koha item type
        Central Library, Naharkatiya College Central Library, Naharkatiya College General Stacks 19/09/2020 9 363.7 | BAR 15658 05/05/2025 24/04/2025 3 19/09/2020 Books
        Central Library, Naharkatiya College Central Library, Naharkatiya College General Stacks 19/09/2020 11 363.7 | BAR 15660 26/05/2023 16/05/2023 4 19/09/2020 Books
        Central Library, Naharkatiya College Central Library, Naharkatiya College General Stacks 19/09/2020 7 363.7 | BAR 15661 29/03/2023 16/03/2023 2 19/09/2020 Books
        Central Library, Naharkatiya College Central Library, Naharkatiya College General Stacks 19/09/2020 7 363.7 | BAR 15662 24/05/2025 24/05/2025 1 19/09/2020 Books

Naharkatiya College © 2020. All rights reserved.

Powered By